000 01146nam a22003257a 4500
003 CHAP
005 20220329140107.0
008 971013s1985 r 00010 d
010 _a46910
011 _a47882
035 _a52025
040 _cCHAP
090 _aTesis
100 0 0 _aValdez Carrazco, Jorge Manuel.
_9117266
245 _aExoesqueleto y musculatura de la mosca del mediterráneo, Ceratitis capitata (Wiedemann) (Diptera: Tephritidae)
260 _aChapingo, Méx. :
_bEl autor,
_c1985
300 _a320 h.
_b: ilus.
502 _aTesis (M.C. Esp. en Entomolgoía) -- CP. Centro de Entomología y Acarología
590 _aALEPH
_b10
_c20130110
_lUCH01
_h1316
590 _aBATCH-UPD
_b10
_c20130110
_lUCH01
_h1210
590 _aBATCH-UPD
_b10
_c20130410
_lUCH01
_h0749
590 _aBATCH-UPD
_b10
_c20130914
_lUCH01
_h1646
590 _aCONVERSION
_b10
_c20130109
_lUCH01
_h1326
650 1 4 _aInsectos
_xAnatomía y fisiología.
_958891
650 1 4 _aMosca del Mediterráneo.
_978991
901 _aBK
942 _cFOLL
949 _bBC
_cTES
_d-116122
_eTS1
_h17463
_i52025
_si
949 _bBC
_cTES
_d-116123
_eTS2
_fc.2
_h17464
_i52025
_si
999 _c46910
_d46910